|
|
|
|
| LEADER |
01297nam a2200325 i 4500 |
| 001 |
32386 |
| 003 |
BD-DhAAL |
| 005 |
20211116112921.0 |
| 008 |
171205t2013 ctua i 001 0 eng |
| 999 |
|
|
|c 38310
|d 38310
|
| 010 |
|
|
|a 78014144
|
| 020 |
|
|
|a 9781614275244
|
| 040 |
|
|
|a BD-DhAAL
|
| 041 |
1 |
|
|a engger
|
| 050 |
0 |
0 |
|a NA9052
|b .S5813 1979
|
| 082 |
0 |
0 |
|a 711.4
|
| 100 |
1 |
|
|a Sitte, Camillo,
|d 1843-1903.
|9 24201
|
| 240 |
1 |
0 |
|a Städte-Bau nach seinen künstlerischen Grundsätzen.
|l English
|
| 245 |
1 |
4 |
|a The art of building cities :
|b city building according to its artistic fundamentals /
|c by Camillo Sitte ; translated by Charles T. Stewart.
|
| 260 |
|
|
|a Mansfield Centre, Conn. :
|b Martino Publishing,
|c c2013.
|
| 300 |
|
|
|a xi, 128 pages :
|b illustrations ;
|c 26 cm.
|
| 500 |
|
|
|a Translation of Der Städte-Bau.
|
| 500 |
|
|
|a Reprint of the ed. published by Reinhold Pub. Corp., New York.
|
| 500 |
|
|
|a Includes index.
|
| 650 |
|
0 |
|a Urban beautification.
|9 24202
|
| 650 |
|
0 |
|a Art, Municipal.
|9 24203
|
| 650 |
|
0 |
|a Architecture
|9 42712
|
| 852 |
|
|
|a Ayesha Abed Library
|
| 942 |
|
|
|2 ddc
|c BK
|
| 952 |
|
|
|0 0
|1 0
|2 ddc
|4 0
|6 711_400000000000000_SIT
|7 0
|9 62017
|a BRACUL
|b BRACUL
|c GEN
|d 2017-11-28
|e Trim Education
|g 1596.00
|l 3
|m 26
|o 711.4 SIT
|p 3010032386
|r 2022-07-28
|s 2022-07-21
|t 1
|v 1596.00
|w 2017-11-28
|y BK
|